000 00522nam a2200169 a 4500
005 20140412111250.0
008 000823s19uu xx 00 eng d
020 _a0-15-266197-2
050 _aTR(PS E
_bRe22 1991
100 _aEhlert, Lois
245 _aRed leaf, yellow leaf /
_cby Lois Ehlert.
260 _aSan Diego :
_bHarcourt Brace & Company,
_c1991.
300 _a1 v. (unp.) ; ill.
520 _aA child describes the growth of a maple tree from seed to sapling.
650 _aTrees-Fiction
999 _c103131
_d103131